LEADER 01073nam2-2200361---450- 001 990003349660203316 005 20091118103320.0 010 $a978-88-348-8399-0 035 $a000334966 035 $aUSA01000334966 035 $a(ALEPH)000334966USA01 035 $a000334966 100 $a20091118d2008----km-y0itay50------ba 101 $aita 102 $aIT 105 $a||||||||001yy 200 1 $a<<2:>> Studi. Appendice$fa cura di Enrico Mezzetti$gcon saggi di Stefano Mancini, Daniele Piva 210 $aTorino$cGiappichelli$d2008 215 $aVI, 69 p.$d24 cm 461 1$1001000112895$12001$aDiritto penale internazionale 606 0 $aDiritto internazionale penale 676 $a341.77 702 1$aMEZZETTI,$bEnrico 702 1$aPIVA,$bDaniele 702 1$aMANCINI,$bStefano 801 0$aIT$bsalbc$gISBD 912 $a990003349660203316 951 $aXXIII.1.L. 327 3$b59978 G.$cXXIII.1.L. 327$d00260425 959 $aBK 969 $aGIU 979 $aCHIARA$b90$c20091118$lUSA01$h1033 996 $aStudi. Appendice$91124573 997 $aUNISA LEADER 01298nam--2200469---450- 001 990002454050203316 005 20050721161554.0 010 $a88-430-3269-0 035 $a000245405 035 $aUSA01000245405 035 $a(ALEPH)000245405USA01 035 $a000245405 100 $a20050721d2005----km-y0itay0103----ba 101 $aita 102 $aIT 105 $a||||||||001yy 200 1 $aMicroeconometria$fMatteo Manera, Marzio Galeotti 210 $aRoma$cCarocci$d2005 215 $a189 p.$d22 cm 225 2 $aUniversità$v639 410 0$12001$aUniversità$v639 454 1$12001 461 1$1001-------$12001 606 0 $aMicroeconometria 676 $a338.5 700 1$aMANERA,$bMatteo$0146912 701 $aGALEOTTI,$bMarzio$0118671 801 0$aIT$bsalbc$gISBD 912 $a990002454050203316 951 $aII.5. 4143(XV B 1268)$b179640 L.M.$cXV B$d00123523 951 $a300 330.015195 MAN$b13186 DISES 959 $aBK 969 $aUMA 969 $aDISES 979 $aCOPAT1$b90$c20050721$lUSA01$h1613 979 $aCOPAT1$b90$c20050721$lUSA01$h1615 979 $c20121027$lUSA01$h1551 979 $c20121027$lUSA01$h1602 979 $c20121027$lUSA01$h1611 996 $aMicroeconometria$9758286 997 $aUNISA DEB $aUSA17046 LEADER 03368nam 2200373 450 001 9910220010103321 005 20230331080351.0 035 $a(CKB)3800000000216616 035 $a(oapen)https://directory.doabooks.org/handle/20.500.12854/47968 035 $a(NjHacI)993800000000216616 035 $a(EXLCZ)993800000000216616 100 $a20230331d2017 by 0 101 0 $aita 135 $aurmn|---annan 181 $ctxt$2rdacontent 182 $cc$2rdamedia 183 $acr$2rdacarrier 200 10$aFra angustie di coscienza e ordine politico $eIl giuramento degli ecclesiastici all'inizio del regno di Carlo Felice (1821-1822) /$fMichele Rosboch 210 1$a[Place of publication not identified] :$cLedizioni,$d[2017] 210 4$d©2014 215 $a1 electronic resource (138 p.) 225 1 $aQuaderni del Dipartimento di Giurisprudenza ? Università di Torino 311 $a88-6705-603-4 327 $aIntroduzione -- Il giuramenlo degli ecclesiastici fra storia e dirilto durame il regno di Carlo Felice -- Premessa -- La ricostituzioni delle diocesi -- Le vicende del giurzunento degli ecclesiastiei durante il regno di Carlo Felice: fra diritto e coseienza -- ll problema giuridico del giuramento civile degli ecclesiastici: cenni storici e osservazioni canonistiche -- ll giuramento degli ecclesiastici e la politica della Restaurazione -- ll giuramento dei senatori ecclesiastici agli albori dello Statuto albertino -- Cenni conclusivi -- Appendice -- I vescovi delIe diocesi sabaude (1821-1822) -- Documenti dell'Archivio di Stato di Torino -- Documenti dell'Archivio Segreto Vaticano -- Documenti dell'Archivio della Segreteria di Stato vaticana -- Trascrizione e riproduzione di documenti. 330 $a?Fino alla metà del XX secolo il tema del giuramento ?civile? degli ecclesiastici era ancora di stretta attualità: l?istituto aveva ? però ? radici molto profonde, soprattutto nella tradizione storico-giuridica degli Stati sabaudi in epoca moderna, per passare poi alle vicende preunitarie ed alla sua formale abolizione da parte del Regno d?Italia nel 1871 con le Leggi delle guarentigie. [..] Attorno a tali vicende storico-politiche emergono nel breve volgere di alcuni mesi (dal novembre 1821 al settembre 1822) rilevanti problematiche giuridiche intorno alla legittimità dei giuramenti, alla loro natura ?ecclesiastica? e all?importanza della dispensa concessa dal papa sotto forma di un vero e proprio atto di deroga di un canone imperativo contenuto nel Liber Extra. [?] Tutto ciò si inserisce ? inoltre ? nel preciso contesto storico della Restaurazione sabauda, le cui vicende istituzionali, giuridiche e politiche costituiscono ormai da anni un terreno d?incontro di diverse prospettive storiografiche. A partire dall?impportante contributo di Enrico Genta, sull?eclettismo giuridico della Restaurazione, si sono potuti ? infatti ? cogliere alcuni caratteri delle istituzioni e della cultura giuridica del Regno di Sardegna, che erano rimasti sulla sfondo delle più tradizionali ricostruzioni?. 607 $aItaly$xHistory 676 $a945 700 $aRosboch$b Michele$0289209 801 0$bNjHacI 801 1$bNjHacl 906 $aBOOK 912 $a9910220010103321 996 $aFra angustie di coscienza e ordine politico$93084573 997 $aUNINA